El Capital: Crítica de la economía política. Libro segundo, tomo primero: El proceso de circulación del capital

Gorde:
Xehetasun bibliografikoak
Egile nagusia: Marx, Karl
Formatua: Liburua
Hizkuntza:Undetermined
Argitaratua: Madrid, España Akal 1977
Gaiak:
Etiketak: Etiketa erantsi
Etiketarik gabe, Izan zaitez lehena erregistro honi etiketa jartzen!

MARC

LEADER 00000nam a2200000Ia 4500
008 170316s9999 xx 000 0 und d
090 |a 100 M-24cap Libro II 
100 |a Marx, Karl 
245 |a El Capital: Crítica de la economía política. Libro segundo, tomo primero: El proceso de circulación del capital 
260 |a Madrid, España 
260 |b Akal 
260 |c 1977 
300 |a 461 páginas 
650 |a FILOSOFÍA 
650 |a LA METAMORFOSIS 
650 |a CAPITAL MONETARIO 
650 |a CAPITAL PRODUCTIVO 
650 |a LA ROTACION DEL CAPITAL 
650 |a LA PLUSVALIA 
999 |c 16944  |d 16944 
040 |a cru BVZT 
942 |c 15 D  |h 100 M-24cap Libro II  |2 z